书目信息 |
| 题名: |
中国房市警告
|
|
| 作者: | 羊慧明 著 | |
| 分册: | ||
| 出版信息: | 北京 中国商业出版社 2007.10 |
|
| 页数: | 225页 | |
| 开本: | 24cm | |
| 丛书名: | ||
| 单 册: | ||
| 中图分类: | F299 | |
| 科图分类: | ||
| 主题词: | 房地产业--研究--中国 | |
| 电子资源: | ||
| ISBN: | 978-7-5044-5362-4 | |
| 000 | 00747nam0 2200229 45 | |
| 001 | 543856 | |
| 005 | 20100812145141.70 | |
| 010 | @a978-7-5044-5362-4@dCNY28.00 | |
| 100 | @a20100515d2007 ekmy0 y0120 ea | |
| 102 | @aCN@b110000 | |
| 102 | @aCN@b130000 | |
| 105 | @ay z 000yy | |
| 200 | 1 | @a中国房市警告@Azhong guo fang shi jing gao@e房市到底能火多久@f羊慧明著@Fyang hui ming zhu |
| 210 | @a北京@c中国商业出版社@d2007.10 | |
| 215 | @a225页@d24cm | |
| 330 | @a本书讲的是中国大城市住宅用地价格还有多少上涨空间,房市到底能火多久? | |
| 517 | 1 | @a房市到底能火多久@Afang shi dao di neng huo duo jiu |
| 606 | 0 | @a房地产业@x研究@y中国 |
| 690 | @aF299@v4 | |
| 701 | 0 | @a羊慧明@Ayang hui ming@4著 |
| 801 | 0 | @aCN@c20100515 |
| 905 | @dF299@eY132@f3 | |
| 中国房市警告:房市到底能火多久/羊慧明著.-北京:中国商业出版社,2007.10 |
| 225页;24cm |
| ISBN 978-7-5044-5362-4:CNY28.00 |
| 本书讲的是中国大城市住宅用地价格还有多少上涨空间,房市到底能火多久? |
| ● |
| 相关链接 |
|
|
|
正题名:中国房市警告
索取号:F299/Y132
 
预约/预借
| 序号 | 登录号 | 条形码 | 馆藏地/架位号 | 状态 | 备注 |
| 1 | 1026102 | 210261027 | 社科库409/409社科库 50排1列2层/ [索取号:F299/Y132] | 在馆 | |
| 2 | 1026103 | 210261036 | 社科库409/422社科库 37排4列5层/ [索取号:F299/Y132] | 在馆 | |
| 3 | 1026104 | 210261045 | 社科二线422/409社科库 114排1列3层/ [索取号:F299/Y132] | 在馆 |